000 00247nam a2200097Ia 4500
001 647619
005 20250826153706.0
008 250824s9999 xx 000 0 und d
245 0 _aGARİP BİR RÜYA
_cMARK TWAIN
260 _bANTİK DÜNYA KLASİKLERİ
999 _c647619
_d647619